Регионална библиотека "Любен Каравелов" - Русе

Творчеството на Елиас Канети ще събере в Русе учени от цял свят (Запис номер 507248)

MARC детайли
000 -Лидер
Лидер 01351aaa a2200265 a 4500
003 - Код на организацията, давaща контролен номер
Код на организацията, даваща контролен номер BLK
005 - Дата и час на последна редакция
Дата и час на последна редакция 20240327125806.0
007 - Фиксирано поле за физическо описани
Физическо описание ta
008 - Елементи от данни с фиксирана дължина
Елементи с фиксирана дължина 221104b bu |||||r|||| 00| | bu d
040 ## - Източник на каталожния запис
Код на библиотеката BLK
041 ## - Код за език
Език Български
Език за КДБФ Български
080 ## - УДК
УДК текст Австрийска литература
УДК код 821.112.2(436)
УДК – определител .09(092)
УДК – код + определител 821.112.2(436).09(092)
080 ## - УДК
УДК текст Австрийски писател. Носител на Нобелова награда за литература
УДК код 929 Канети, Елиас
УДК – код + определител 929 Канети, Елиас
100 ## - Редна дума - Автор
Автор Антонова, Галина Александрова
Години, свързани с автора 1951-
R(LIN) 301058
245 ## - Сведения за заглавието
Заглавие Творчеството на Елиас Канети ще събере в Русе учени от цял свят
Авторска отговорност Галина Антонова
300 ## - Физическа характеристика
Брой страници № 46, 24 февр. 1992.
520 ## - Забележка за наличие на резюме, анотация и т.н
Анотация, рецензия От 22 до 26 септ. в Русе - международна конференция, посветена на творчеството на писателя
600 #0 - Име на лице, използвано като предмет
9 (RLIN) 367554
За него / За нея Канети, Елиас
653 ## - Ключова дума – ненормативна
9 (RLIN) 195878
Ключови думи русенци
653 ## - Ключова дума – ненормативна
9 (RLIN) 180316
Ключови думи австрийски писатели
653 ## - Ключова дума – ненормативна
9 (RLIN) 192360
Ключови думи нобелови лауреати
773 0# - Описание на основна библиографска единица при аналитични записи (многотомни)
Заглавие на източника ДУМА
Контролен номер на записа 291946
Информация за връзката . //
942 ## - АРТИКУЛИ
Източник на класификационната схема Universal Decimal Classification
Вид на библиотечния документ Статия
Скрит в OPAC Не
944 ## - СЪЗДАВАНЕ И РЕДАКЦИЯ на ЗАПИСА
Дата на регистрацията/редакция Христина Везирева
Служител, извършил регистрацията/редакцията 30535
Номер на служител Христина Везирева
Създаване/Редакция
999 ## - СИСТЕМНИ КОНТРОЛНИ НОМЕРА
Koha biblionumber 507248
Koha biblioitemnumber 507248

Няма налични копия.

Vip Innovations Ltd, Rousse, Bulgaria 2025